[Event "WLS-chT U1850"]
[Site "Wales"]
[Date "2023.05.21"]
[Round "5"]
[White "Moore, Robert"]
[Black "Daniel, Christopher"]
[Result "1/2-1/2"]
[WhiteElo "1802"]
[BlackElo "1671"]
[PlyCount "46"]
[EventDate "2023.02.19"]
[EventType "team-tourn"]
[EventRounds "5"]
[EventCountry "WLS"]
[SourceTitle "EXT 2024"]
[Source "ChessBase"]
[SourceDate "2023.10.10"]
[SourceVersion "1"]
[SourceVersionDate "2023.10.10"]
[SourceQuality "1"]
[WhiteTeam "Morriston Minors"]
[BlackTeam "White Knights II"]
[WhiteTeamCountry "WLS"]
[BlackTeamCountry "WLS"]

1. d4 Nf6 2. Nf3 g6 3. Nbd2 d5 4. e3 Bg7 5. Bd3 0-0 6. 0-0 b6 7. c3 Ba6 8. Bxa6 Nxa6 9. Qe2 Qc8 10. e4 dxe4 11. Nxe4 c5 12. Re1 Nxe4 13. Qxe4 cxd4 14. Nxd4 e6 15. Be3 Nc5 16. Qh4 Qd8 17. Qxd8 Rfxd8 18. Nc6 Rd6 19. Nb4 Rad8 20. Bf4 R6d7 21. Nc6 Rc8 22. Ne5 Bxe5 23. Bxe5 Nd3 1/2-1/2

[Event "WLS-chT U1850"]
[Site "Wales"]
[Date "2023.05.07"]
[Round "4"]
[White "Smith, Alun"]
[Black "Daniel, Christopher"]
[Result "1/2-1/2"]
[WhiteElo "1714"]
[BlackElo "1671"]
[PlyCount "53"]
[EventDate "2023.02.19"]
[EventType "team-tourn"]
[EventRounds "5"]
[EventCountry "WLS"]
[SourceTitle "EXT 2024"]
[Source "ChessBase"]
[SourceDate "2023.10.10"]
[SourceVersion "1"]
[SourceVersionDate "2023.10.10"]
[SourceQuality "1"]
[WhiteTeam "Panthers and Friends"]
[BlackTeam "White Knights II"]
[WhiteTeamCountry "WLS"]
[BlackTeamCountry "WLS"]

1. e4 d6 2. d4 Nf6 3. Nc3 g6 4. Nf3 Bg7 5. h3 0-0 6. Bc4 Nc6 7. 0-0 e5 8. Be3 a6 9. a4 b6 10. Qd2 Bb7 11. Rfe1 exd4 12. Bxd4 Nxd4 13. Nxd4 Re8 14. f3 Qd7 15. a5 b5 16. Ba2 Re7 17. Nde2 Rae8 18. Rad1 Re5 19. b4 R5e7 20. Nd5 Nxd5 21. Bxd5 Bxd5 22. Qxd5 Re5 23. Qb7 Qc8 24. Qxc8 Rxc8 25. Nf4 Bf8 26. Nd5 Kg7 27. c3 1/2-1/2

[Event "WLS-chT U1850"]
[Site "Wales"]
[Date "2023.03.12"]
[Round "2.2"]
[White "Daniel, Christopher"]
[Black "Zedlmayer, Leon"]
[Result "0-1"]
[WhiteElo "1671"]
[BlackElo "1665"]
[PlyCount "64"]
[EventDate "2023.02.19"]
[EventType "team-tourn"]
[EventRounds "5"]
[EventCountry "WLS"]
[SourceTitle "EXT 2024"]
[Source "ChessBase"]
[SourceDate "2023.10.10"]
[SourceVersion "1"]
[SourceVersionDate "2023.10.10"]
[SourceQuality "1"]
[WhiteTeam "White Knights II"]
[BlackTeam "Cardiff Tigers"]
[WhiteTeamCountry "WLS"]
[BlackTeamCountry "WLS"]

1. Nf3 Nf6 2. b3 d5 3. Bb2 Nc6 4. d3 Bf5 5. Nbd2 e6 6. Nh4 Bg4 7. h3 Bh5 8. g4 Bg6 9. Nxg6 hxg6 10. Bg2 Bc5 11. e4 Qe7 12. 0-0 0-0-0 13. a3 dxe4 14. Bxf6 gxf6 15. Nxe4 Bb6 16. Ng3 f5 17. gxf5 gxf5 18. Qf3 Rdg8 19. Rfe1 Qg5 20. Kf1 Rh4 21. Ne2 e5 22. Qg3 Qd8 23. Qf3 e4 24. Qxf5+ Kb8 25. Bxe4 Qd6 26. Bxc6 bxc6 27. Qf3 Rg6 28. d4 Qh2 29. Rad1 Rxh3 30. Qe4 Qh1+ 31. Qxh1 Rxh1+ 32. Ng1 Rgxg1+ 0-1